Statistics for States With The Most & Least Citizens Under 18

Click here to take the quiz!

General Stats

  • This quiz has been taken 9 times
  • The average score is 18 of 20

Answer Stats

#PercentState% Correct
424.9%Alaska
100%
325.5%Idaho
100%
4619.8%Massachusetts
100%
4819%New Hampshire
100%
4120.8%Oregon
100%
225.8%Texas
100%
5018.5%Vermont
100%
4420.2%West Virginia
100%
4320.6%Connecticut
89%
4519.9%Florida
89%
923.8%Georgia
89%
824.2%Kansas
89%
4918.7%Maine
89%
724.3%Oklahoma
89%
4719.4%Rhode Island
89%
624.7%South Dakota
89%
129.5%Utah
89%
1023.6%Mississippi
78%
524.7%Nebraska
78%
4220.7%Pennsylvania
78%

Score Distribution

Percentile by Number Answered

Percent of People with Each Score

Your Score History

You have not taken this quiz